01130cam a2200313 a 4500090000600000001000800006005001700014008004100031010001700072020001500089035002000104040002400124042001400148050002300162082002300185100001700208245009900225246003300324260006500357300002900422504005400451650006600505650003900571700002000610700002000630942001200650999001700662952013700679 c0215344920000612150311.0980922s1998 ilua bd 000 0 eng d a 98218559  a0814404456 a(OCoLC)39908472 aMiFliBcMiFliBdDLC alccopycat04aHD62.4b.S524 199800a658.04903221bSHI1 aShim, Jae K.14aThe dictionary of international business terms /cJae K. Shim, Joel G. Siegel, Marc H. Levine.30aInternational business terms aChicago :bGlenlake Publ. Co. ;aNew York :bAMACOM,cc1998. a317 p. :bill. ;c24 cm. aIncludes bibliographical references (p. 303-304). 0aInternational business enterprisesxManagementxDictionaries. 0aInternational tradexDictionaries.1 aSiegel, Joel G.1 aLevine, Marc H. 2ddccBB c10556d10556 00102ddc40708AlahramaMAINbMAINc1STd2009-02-01epurchaseg209.10h06391l0o658.04903 SHIp000014586r2025-07-15 00:00:00yBB